000 00426nam a2200181Ia 4500
001 17679
005 20260306171535.0
008 260306s9999||||xx |||||||||||||| ||und||
041 _aESP
082 _a658.15
_bC268
100 _aCourt Monteverde, Eduardo
_eAUT
245 0 _aFinanzas corporativas
260 _c2010
300 _a699 páginas :
_c28 cm.
650 _aGEN
654 _aCAN
942 _cLIB
_dJUS
_fJUS
_2ddc
_n
999 _c17679
_d17679